000 00506nam a2200181 a 4500
001 11999
003 CO-ViMGA
008 141112s2004 ck r 000 u spa d
020 _a9589333702
040 _aCO-ViMGA
_bspa
_cCO-ViMGA
082 0 4 _a336.8621 V351
100 1 _aVelasco Ulloa Orlando,
_916913
245 1 0 _aRegimen Presupuestal municipal
260 _aSantafé de Bogotá,
_cEdiciones jurídicas Gustavo Ibañez
300 _a122 p.
650 1 4 _aPRESUPUESTO MUNICIPAL
_916914
942 _2ddc
_cBK
999 _c23052
_d23052